000 00619nam a2200181Ia 4500
003 GCL
008 140319s9999 xx 000 0 ara d
020 _a2485657977
040 _aGCL /
_cGCL
082 0 4 _a812.008
_bع ا
100 1 _aعبدالغفار مكاوى
245 1 0 _aالانتهازيون لا يدخلون الجنة :
_bمسرحيات مختارة /
_cعبدالغفار مكاوى
260 _aالقاهرة :
_bدار سنابل للنشر والتوزيع
300 _a342 ص ؛
_c19 سم
650 0 4 _aالادب العربى
650 0 4 _aالمسرحيات العربية
942 _2ddc
_cBK
999 _c7594
_d7594